Big trouble in the big apple / (Record no. 7465)

MARC details
000 -LEADER
fixed length control field 01149nam a22003017a 4500
001 - CONTROL NUMBER
control field 7465
003 - CONTROL NUMBER IDENTIFIER
control field FISKH
005 - DATE AND TIME OF LATEST TRANSACTION
control field 20250717153126.0
008 - FIXED-LENGTH DATA ELEMENTS--GENERAL INFORMATION
fixed length control field 250717b cb ||||| |||| 00| 0 eng d
020 ## - INTERNATIONAL STANDARD BOOK NUMBER
International Standard Book Number 9780545227759
040 ## - CATALOGING SOURCE
Original cataloging agency FISKH
Language of cataloging eng
Transcribing agency FISKH
Modifying agency FISKH
050 ## - LIBRARY OF CONGRESS CALL NUMBER
Classification number PZ7 .T339
082 ## - DEWEY DECIMAL CLASSIFICATION NUMBER
Classification number 853.914
100 ## - MAIN ENTRY--PERSONAL NAME
Personal name Stilton, Thea
245 ## - TITLE STATEMENT
Title Big trouble in the big apple /
Statement of responsibility, etc. By Thea Stilton
250 ## - EDITION STATEMENT
Edition statement First printing , September 2011
260 ## - PUBLICATION, DISTRIBUTION, ETC.
Place of publication, distribution, etc. New York :
Name of publisher, distributor, etc. Scholastic ,
Date of publication, distribution, etc. 2007.
300 ## - PHYSICAL DESCRIPTION
Extent 156 pages :
Other physical details color illustrations ;
Dimensions 20 cm .
490 ## - SERIES STATEMENT
Series statement Thea Stilton
Volume/sequential designation 8
505 ## - FORMATTED CONTENTS NOTE
Formatted contents note R <br/>
520 ## - SUMMARY, ETC.
Summary, etc. "The Thea Sisters travel to New York to cheer for Nicky as she runs the Big Apple Marathon. While there, they visit Pamela's family and have a delicious dinner at the family's pizzeria. But when someone threatens to burn the restaurant down, can the Thea Sisters catch the troublemaker and solve the mystery?"--P. [4] of cover.
521 8# - TARGET AUDIENCE NOTE
Target audience note 720 <br/>
Source Lexile <br/>
521 8# - TARGET AUDIENCE NOTE
Target audience note R <br/>
Source Raz-Plus <br/>
650 ## - SUBJECT ADDED ENTRY--TOPICAL TERM
Topical term or geographic name entry element Stilton Series
Form subdivision Fiction
700 ## - ADDED ENTRY--PERSONAL NAME
Personal name Battan, Alessandro
Relator term Illustraor
942 ## - ADDED ENTRY ELEMENTS (KOHA)
Source of classification or shelving scheme Dewey Decimal Classification
Koha item type Books
Suppress in OPAC No
Holdings
Withdrawn status Lost status Source of classification or shelving scheme Damaged status Not for loan Collection Home library Current library Shelving location Date acquired Total Checkouts Full call number Barcode Date due Date last seen Date last checked out Price effective from Koha item type
    Dewey Decimal Classification     Juvenile Fiction Footprints International School Library Network Toul Tom Poung Campus Footprints International School Library Network Toul Tom Poung Campus TTP Primary Orange Bookshelves 07/17/2025 1 STI 853.914 PZ7 .T339 FISBK00883 12/10/2025 11/26/2025 11/26/2025 07/17/2025 Books